Un gran esfuerzo para un gran fin (Registro nro. 121435)

Detalles MARC
000 -LEADER
campo de control de longitud fija 00604nam a2200169 i 4500
001 - NÚMERO DE CONTROL
campo de control 121435
003 - IDENTIFICADOR DE NÚMERO DE CONTROL
campo de control ES-MaACL
005 - FECHA Y HORA DE LA ÚLTIMA TRANSACCIÓN
campo de control 20230906191742.0
007 - CAMPO FIJO DE DESCRIPCIÓN FÍSICA--INFORMACIÓN GENERAL
campo de control de longitud fija t|
008 - DATOS DE LONGITUD FIJA--INFORMACIÓN GENERAL
campo de control de longitud fija 070214s1961 sp r ||||1| spa d
110 2# - ENTRADA PRINCIPAL--NOMBRE DE ENTIDAD CORPORATIVA
Nombre de entidad corporativa o nombre de jurisdicción como elemento de entrada Instituto Nacional de Industria (España).
Unidad subordinada Secretaría Gestora del Plan Badajoz.
9 (RLIN) 5167
245 13 - MENCIÓN DEL TÍTULO
Título Un gran esfuerzo para un gran fin
Resto del título : el Plan de Badajoz.
260 ## - PUBLICACIÓN, DISTRIBUCIÓN, ETC.
Lugar de publicación, distribución, etc. Madrid :
Nombre del editor, distribuidor, etc. Instituto Nacional de Industria,
Fecha de publicación, distribución, etc. 1961.
300 ## - DESCRIPCIÓN FÍSICA
Extensión 60 p. ;
Dimensiones 22 cm +
Material acompañante/anejo 3 gráf. pleg.
651 #4 - PUNTO DE ACCESO ADICIONAL DE MATERIA--NOMBRE GEOGRÁFICO
Nombre geográfico Badajoz (Provincia)-
Subdivisión general Política económica.
9 (RLIN) 160837
852 ## - LOCALIZACIÓN
Ubicación ES-MaACL
Número de control de estantería C-21012
Sublocalización o colección R.49677
Existencias
Estatus retirado Estado de pérdida Estado de daño No para préstamo Biblioteca de origen Biblioteca actual Ubicación en estantería Fecha de adquisición Fuente de adquisición Total de préstamos Signatura topográfica completa Código de barras Visto por última vez Precio de reemplazo Tipo de ítem Koha
        Biblioteca del Ateneo de Madrid Biblioteca del Ateneo de Madrid Galería 17/01/2008     C-21012 1126556 23/02/2023 23/02/2023 Libro impreso